Dialóg svetla s tieňom /

Enregistré dans:
Détails bibliographiques
Auteurs principaux: Bero, Rastislav (Auteur, Photographe), Teplan, Igor (Auteur)
Format: Livre
Langue:slovaque
Publié: [s.l.] : [s.n], 2018
Édition:1. vydanie
Sujets:
Tags: Ajouter un tag
Pas de tags, Soyez le premier à ajouter un tag!

MARC

LEADER 00000nam a22000003a 4500
001 0096475
003 SK-STU
005 20220720104433.6
007 ta
008 220720s ----xo-----e------000-0-----d
040 |a STU  |b slo 
041 0 |a slo 
044 |a xo 
100 1 |a Bero, Rastislav  |4 aut  |4 pht 
245 1 0 |a Dialóg svetla s tieňom /  |c aut. Rastislav Bero, Igor Teplan 
250 |a 1. vydanie 
260 |a [s.l.] :  |b [s.n],  |c 2018 
300 |a 136 s. 
650 0 7 |a umelecká fotografia 
650 0 7 |a fotografie architektúry 
650 0 7 |a prirodzené svetlo 
650 0 7 |a osvetlenie 
650 0 7 |a architektúra 
650 0 7 |a prezentácia historickej fasády 
650 0 7 |a stredoveký portál 
650 0 7 |a architektonický detail 
700 1 |a Teplan, Igor  |4 aut 
996 |b 284AU09383  |c A* 12708/U  |l AA3130  |s P  |a 0  |w 0096475_0001